Kraje na MŚ 2026 - Nagła śmierć - Statystyki

Ogólne statystyki
  • Ten quiz został rozwiązany 88 razy
  • Średni wynik to 24 z 48
Answers on the Grid
Answers color-coded by a green-red scale on the quiz's grid according to % correct below.
Norwegia
Curaçao
Algieria
Kostaryka
Peru
Wenezuela
Republika Południowej Afryki
Ukraina
Indie
Jordania
Nowa Zelandia
Maroko
Islandia
Ekwador
Mali
Kanada
Chorwacja
Boliwia
Burkina Faso
Tunezja
Anglia
Honduras
Walia
Paragwaj
Macedonia Północna
Gwinea-Bissau
Irak
Albania
Egipt
Mozambik
Senegal
Bułgaria
Korea Północna
Belgia
Tajlandia
Brazylia
Austria
Panama
Indonezja
Malta
Korea Południowa
Estonia
Mołdawia
Ghana
Haiti
Sudan
Wietnam
Niemcy
Iran
Holandia
Litwa
Węgry
Gwatemala
Szwajcaria
Japonia
Salwador
Czechy
Izrael
Gabon
Chile
Łotwa
Gruzja
Urugwaj
Argentyna
Meksyk
Syria
Szkocja
Kazachstan
Francja
Libia
Demokratyczna Republika Konga
Szwecja
Rosja
Kamerun
Katar
Arabia Saudyjska
Australia
Irlandia
Wybrzeże Kości Słoniowej
Bośnia i Hercegowina
Grecja
Chiny
Hiszpania
Finlandia
Rumunia
Portugalia
Stany Zjednoczone
Włochy
Serbia
Uzbekistan
Dania
Nigeria
Republika Zielonego Przylądka
Kolumbia
Turcja
Polska
 
Statystyki odpowiedzi
Odpowiedź % Poprawnych
Curaçao
93%
Norwegia
88%
Anglia
69%
Maroko
66%
Algieria
64%
Chorwacja
64%
Kanada
62%
Niemcy
60%
Argentyna
59%
Belgia
57%
Brazylia
55%
Francja
55%
Japonia
55%
Szwecja
55%
Meksyk
53%
Nowa Zelandia
53%
Austria
52%
Hiszpania
52%
Holandia
52%
Portugalia
52%
Stany Zjednoczone
52%
Republika Południowej Afryki
50%
Tunezja
50%
Australia
48%
Czechy
48%
Ekwador
48%
Urugwaj
48%
Jordania
47%
Korea Południowa
47%
Bośnia i Hercegowina
45%
Egipt
45%
Iran
45%
Senegal
45%
Szwajcaria
45%
Arabia Saudyjska
43%
Irak
40%
Szkocja
40%
Turcja
38%
Haiti
36%
Katar
36%
Kolumbia
36%
Uzbekistan
36%
Demokratyczna Republika Konga
34%
Paragwaj
34%
Ghana
33%
Wybrzeże Kości Słoniowej
33%
Republika Zielonego Przylądka
31%
Panama
26%
Nie znaleziono quizów pasujących do podanych kryteriów
Rozkład punktacji
Procent ludzi z każdym wynikiem
Percentyl według liczby udzielonych odpowiedzi
Twoja historia wyników
Nie rozwiązałeś tego quizu